000 00542nam a2200205Ia 4500
001 17048
003 GE_BSU
008 181216s||||||||xx |||||||||||||| ||und||
040 _cGE_BSU
080 _a821.161.1-2
100 _aოსტროვსკი, ა.ნ.
245 _aპიესები
245 _cრედ.დ. შენგელია
260 _aთბილისი
260 _bსახელგამი
260 _c1950
300 _a354გვ. ; 21სმ
653 _aპიესები
942 _cBK
999 _c50110
_d50110